000
00355nam a2200145Ia 4500
008
230718s9999 xx 000 0 und d
041
_a
Eng.
082
_a
320
_b
SAR-I
100
_a
Sarwar • Puff Dr. Michomad
245
0
_a
Intredection to Political bien
260
_a
Pakistan
_b
Ilmi Kitab Bana
_c
2010
300
_a
444
650
_a
Law
999
_c
26433
_d
26433